MARC

LEADER 00000nam0a2200000 4500
001 196771
005 20231031183246.0
010 |a 5279002992 
035 |a (RuTPU)RU\TPU\book\214650 
090 |a 196771 
100 |a 20110528d1990 m y0rusy50 ca 
101 0 |a rus 
102 |a RU 
105 |a a z 000zy 
200 1 |a Наш образ жизни  |f В. И. Гурьев, Г. Ф. Горбей 
210 |a Москва  |c Финансы и статистика  |d 1990 
215 |a 111 с.  |c ил. 
225 1 |a Социальная статистика 
610 1 |a население 
610 1 |a образ жизни 
610 1 |a социальные процессы 
610 1 |a уровень жизни 
610 1 |a жилищные условия 
610 1 |a сельское население 
610 1 |a женщины 
610 1 |a женский труд 
610 1 |a бытовые условия 
610 1 |a пенсионеры 
610 1 |a материальные условия 
610 1 |a молодежь 
610 1 |a социальные проблемы 
686 |a Ф3(2)6  |v LBC/SL-A  |2 rubbk 
700 1 |a Гурьев  |b В. И.  |g Владимир Ильич 
701 1 |a Горбей  |b Г. Ф.  |g Галина Федоровна 
801 1 |a RU  |b 63413507  |c 20110528 
801 2 |a RU  |b 63413507  |c 20110620  |g RCR 
942 |c BK